000 00644nam a2200217 a 4500
001 000022098
005 20200930011600.0
008 100916s1998 cl 000 f spa d
020 _a9562390470
040 _aDO-SdBNP
_bspa
_cBNPHU
082 _aCh863.44
_bD687h
100 1 _aDonoso, José,
_d1924-1996
_921513
245 1 0 _aHistoria personal del "boom" /
_cJosé Donoso.
260 _aSantiago de Chile :
_bAlfaguara,
_c1998.
300 _a233, [2] p. ;
_c22 cm.
500 _aIncluye datos biográficos del autor en la solapa.
650 4 _aNovela chilena
_93163
650 4 _aLiteratura chilena
_93164
910 _aWM
049 _aBNGR
999 _c21596
_d21596